00994nam a2200241 i 4500003000900000005001700009007000300026008004100029040003000070082001300100110005100113245016800164264004700332300002500379336002700404337003300431338002800464590002700492910001400519942001300533952018900546999001700735DO-SdBNP20240307073949.0ta110707s1978 dr a 000 0 spa d aDO-SdBNPbspacBNPHUerda bU58a2221 aUniversidad Autónoma de Santo Domingo97295110aActo de graduación 440 aniversario :bsábado veintiocho de octubre mil novecientos setenta y ocho a las seis de la tarde, Ciudad Universitaria, Santo Domingo / 1aSanto Domingo :bUniversitaria-UASD,c1978 a55 páginasc21 cm. 2rdacontentatextobtxt 2rdamediaasin mediaciónbn 2rdacarrieravolumenbnc aInventariado, 2023/ YL aYLockward 2ddccLF2 00102ddc51708DS-FaBNPHUbBNPHUcCTd2014-12-01eBarbara Suncarl0oBNPHU PD U58ap2023-6351r2023-09-22w2023-09-22yLF2zPerteneció a la biblioteca personal de Bárbara Suncar c54908d54908